Las momias (Record no. 181432)

MARC details
000 -LEADER
campo de control de longitud fija 00886nam a2200265 i 4500
001 - NÚMERO DE CONTROL
campo de control 181432
003 - IDENTIFICADOR DE NÚMERO DE CONTROL
campo de control ES-MaACL
005 - FECHA Y HORA DE LA ÚLTIMA TRANSACCIÓN
campo de control 20231010160504.0
008 - DATOS DE LONGITUD FIJA--INFORMACIÓN GENERAL
campo de control de longitud fija 130116s1999 sp |||| | spa d
020 ## - NÚMERO INTERNACIONAL ESTÁNDAR DEL LIBRO
Número Internacional Estándar del Libro 84-406-9459-8
100 1# - ENTRADA PRINCIPAL--NOMBRE DE PERSONA
Nombre de persona Dunand, Françoise.
9 (RLIN) 152073
245 14 - MENCIÓN DEL TÍTULO
Título Las momias
Resto del título : un viaje a la eternidad / Françoise Dunand, Roger Lichtenberg ; [traducción: Juan Vivanco Gefaell].
250 ## - MENCION DE EDICION
Mención de edición 1ª ed.
260 ## - PUBLICACIÓN, DISTRIBUCIÓN, ETC.
Lugar de publicación, distribución, etc. Barcelona, [etc.] :
Nombre del editor, distribuidor, etc. Ediciones B,
Fecha de publicación, distribución, etc. 1999.
300 ## - DESCRIPCIÓN FÍSICA
Extensión 128 p. :
Otras características físicas il. ;
Dimensiones 18 cm.
490 1# - MENCIÓN DE SERIE
Mención de serie Claves ;
Designación de volumen o secuencia 32
504 ## - NOTA DE BIBLIOGRAFÍA, ETC.
Nota de bibliografía, etc. Bibliografía: p. 122.
650 #4 - PUNTO DE ACCESO ADICIONAL DE MATERIA--TÉRMINO DE MATERIA
Término de materia o nombre geográfico como elemento de entrada Momias-
Subdivisión geográfica Egipto.
9 (RLIN) 152074
700 1# - ENTRADA AGREGADA--NOMBRE PERSONAL
Nombre de persona Lichtenberg, Roger.
9 (RLIN) 152075
700 1# - ENTRADA AGREGADA--NOMBRE PERSONAL
Nombre de persona Vivanco Gefaell, Juan.
9 (RLIN) 152076
830 0# - PUNTO DE ACCESO ADICIONAL DE SERIE-TÍTULO UNIFORME
Título uniforme Claves ;
Designación de volumen o secuencia 32
9 (RLIN) 191462
852 ## - LOCALIZACIÓN
Ubicación ES-MaACL
Número de control de estantería A-12458
itemnumber 188333
Sublocalización o colección R.147545
Ubicación en estantería Depósito 1
Signatura antigua Olim: N-5464
942 ## - ELEMENTOS DE ENTRADA SECUNDARIOS (KOHA)
Fuente del sistema de clasificación o colocación Clasificación decimal universal
Tipo de ítem Koha Libro impreso
Holdings
Estatus retirado Estado de pérdida Fuente del sistema de clasificación o colocación Estado de daño No para préstamo Biblioteca de origen Biblioteca actual Ubicación en estantería Fecha de adquisición Fuente de adquisición Total de préstamos Signatura topográfica completa Código de barras Visto por última vez Precio de reemplazo Tipo de ítem Koha
    Clasificación decimal universal     Biblioteca del Ateneo de Madrid Biblioteca del Ateneo de Madrid Depósito 1 16/01/2013 Donación   A-12458 1190673 23/02/2023 23/02/2023 Libro impreso